00387 2200157 4500001002100000005001500021035002000036245005100056100001400107300002600121260003000147082000800177084001400185020001800199990001200217INLIS00000000000303320250918115413 a0010-09250003801 aLintang :bSebuah Kumpulan Cerpen /cAveus Har0 aAveus Har a162 hlm ;c11 x 18 cm aYogyakarta :bAndi,c2007 a813 a813 AVE l a979-763-838-3 a0755599